| 000 | 00378nam a2200145 a 4500 | ||
|---|---|---|---|
| 001 | 1104 | ||
| 003 | CDMR | ||
| 005 | 20130116135200.0 | ||
| 008 | 130130s2010||||||||||||||||||||||||||||d | ||
| 040 |
_aCDMR _bcat _cCPC GIRONA |
||
| 100 | 1 |
_aEspejo, Jose Luís _9872 |
|
| 245 | 1 | 3 |
_aEl viaje secreto de Leonardo da Vinci _cEspejo, Jose Luís |
| 260 |
_c2010 _bEditorial Base |
||
| 942 | _cMON | ||
| 999 |
_c1104 _d1104 |
||